[Event "Interzonal-15"]
[Site "Manila"]
[Date "1990.??.??"]
[Round "4"]
[White "Huebner, Robert"]
[Black "Ehlvest, Jaan"]
[Result "1/2-1/2"]
[WhiteElo "2585"]
[BlackElo "2655"]
[Annotator "Huebner,R"]
[PlyCount "103"]
[EventDate "1990.06.29"]
[EventType "swiss"]
[EventRounds "13"]
[EventCountry "PHI"]
[SourceTitle "CBM 019"]
[Source "ChessBase"]
[SourceDate "1990.12.01"]
[SourceVersion "1"]
[SourceVersionDate "1990.12.01"]
[SourceQuality "1"]

1. e4 g6 2. d4 Bg7 3. Nc3 d6 4. Be3 a6 5. Qd2 b5 6. f3 Nd7 7. Nh3 Bb7 8. Be2 (
8. a4 b4 9. Nd1 c5 10. dxc5 dxc5 11. c3 bxc3 12. Nxc3 Ngf6 $10) 8... c5 9. O-O
(9. d5 Ngf6 10. a4 b4 11. Nd1 a5 12. Bh6 O-O 13. Bxg7 Kxg7 14. Ne3 Nb6 {
/\ 15...e7-e6 mit ausreichendem Gegenspiel} 15. Nf4 (15. Nc4 Nxc4 16. Bxc4 Ba6)
(15. c4 bxc3 16. bxc3 Bc8 17. Nf2 Bd7 18. Bb5 Bxb5 19. axb5 c4) 15... Ba6) 9...
cxd4 (9... Ngf6 10. e5 dxe5 (10... cxd4 11. exf6 dxe3 12. fxg7 $18) 11. dxc5
O-O 12. b4 $16 {[ /\ Pa4 ]}) 10. Bxd4 Ngf6 $2 (10... Bxd4+ 11. Qxd4 Qb6 12.
Qxb6 (12. Rfd1 Ngf6 13. Qxb6 Nxb6 14. Rd4 Bc6 15. Nf2 Nfd7 $10) 12... Nxb6 13.
a4 b4 14. a5 bxc3 15. axb6 cxb2 16. Ra3 Nf6 17. Nf2 Nd7 18. Rb1 (18. Nd3 Rc8
19. c3 Rc6 {[ Schwarz ist ok ]}) 18... Nc5 19. Rxb2 Kd7 20. Nd3 Rhc8 $10) 11.
a4 b4 (11... bxa4 12. Rxa4 O-O 13. Rfa1 {[ mit gewaltigem Druck gegen den
a-Bauern ]}) 12. Na2 $2 (12. Nd5 Bxd5 13. exd5 Qa5 14. c4 (14. f4 $2 Ne4 15.
Qe3 Bxd4 16. Qxd4 Qc5 $17) 14... bxc3 15. Bxc3 Qc5+ 16. Kh1 O-O (16... Nb6 17.
Bd4 Qxd5 18. Nf4 Qb7 19. Qb4 Rb8 20. a5 $16) 17. Rfd1 Nb6 (17... Rfc8 18. Rac1
$16) (17... a5 18. Bb5 $16) 18. Bxf6 Bxf6 19. Rac1 $18) 12... a5 13. c3 bxc3
14. Nxc3 O-O 15. Rfb1 $2 (15. Nf2 $1 Nc5 (15... Nb8 16. Nd5 Bxd5 17. exd5 Ra6
18. Rfe1 {[ Weiß hat gegenüber der Partie ein Extratempo ]}) (15... Ne5 16.
Bxe5 dxe5 17. Qxd8 Rfxd8 18. Nd3 $16) 16. Bc4 Ba6 17. Nb5 $16) 15... Nb8 16.
Nd5 $2 (16. b4 $2 Nc6 17. bxa5 Nxe4 $17) (16. Nf2 Nc6 17. Be3 Nd7 18. Bh6 $15 {
[ der schwarze Vorteil ist gering ]}) (16. Nb5 Nc6 17. Bc3 Qb6+ 18. Kh1 Rfd8
19. Nf4 e5 (19... Bh6 $2 20. Bxf6 exf6 21. Nd5 $16) 20. Nd5 Nxd5 21. exd5 Nd4 (
21... Ne7 22. Bc4 {[ die Lage ist nicht klar ]} Qc5 23. Ba2 Bxd5 24. Bxa5) 22.
Bxd4 exd4 23. Rd1 (23. Bc4 Rdc8 {[ /\ Rc5 ]}) 23... Bxd5 24. Nxd4 $15 {[ der
schwarze Vorteil ist gering ]}) 16... Bxd5 17. exd5 Na6 18. Re1 (18. Bxa6 Rxa6
19. Re1 Qa8 20. Rxe7 (20. Rad1 Qxd5 21. Rxe7 Qb3 $17) 20... Nxd5 21. Bxg7 Kxg7
22. Re2 Nb4 $17) (18. Bc3 Qb6+ 19. Kh1 (19. Bd4 Ne4 20. Bxb6 Nxd2 21. Rd1 Nb3
22. Ra3 Nac5 23. Bc4 Rfb8 $17) 19... Nc5 (19... Nb4 20. Bxb4 Qxb4 (20... axb4
$2 21. Bb5 $16) 21. Qxb4 axb4 22. Bc4 $13) (19... Nc7 $1 20. Nf4 (20. Bc4 Qc5
$17 {[ Weiß verliert einen Bauern ohne Kompensation ]}) 20... Bh6 $17) 20. Ra3
(20. b4 Nce4 $17) 20... Qb7 21. Rd1 {[ Schwarz hat Mühe, sich gegen die
Drohung 22.Lb5 erfolgreich zur Wehr zu   setzen ]}) 18... Nc5 $2 (18... Nb4 19.
Bc4 Nd7 20. Bxg7 Kxg7 21. Nf2 Nb6 $17) 19. Ra3 Qb6 (19... e6 20. dxe6 Nxe6 21.
Bf2 d5 22. Bb5 $10) 20. Bb5 (20. Bc4 Qb4 21. Qxb4 axb4 22. Raa1 Rxa4 23. Rxa4
Nxa4 24. Rxe7 Nxd5 25. Bxg7 Nxe7 26. Bxf8 Kxf8 27. b3 Nc5 $17) (20. Kh1 Qb7 21.
Bc4 (21. Bxc5 dxc5 22. Bc4 Rfd8 $17) 21... Rfc8 $17 22. Rae3 Nxd5) 20... Qd8 $2
(20... Nxd5 21. Bxg7 Kxg7 22. Qxd5 Nd3+ 23. Kf1 Nxe1 24. Kxe1 Rac8 25. Qd2 d5
$13 {[ die Schwarze Stellung ist einfacher zu spielen ]}) 21. Nf2 $2 (21. Bc6
$1 Rb8 (21... Ra7 22. Qe3 (22. Rae3 Nh5 23. g4 (23. Bxg7 Nxg7 24. g4 e5 {
[ ist nicht besser ]}) 23... Bxd4 24. Qxd4 Ng7 $13 25. Nf4 Rc7 {[ /\ 29...e5 ]}
) (22. b4 axb4 23. Qxb4 Qa5 (23... Nfd7 24. Bxg7 Kxg7 25. a5 $16) 24. Qxa5 Rxa5
25. Nf4 $16 {[ Die Stellung des Schwarzen ist höchst unbequem ]} (25. Rxe7 Nxd5
26. Bxg7 Nxe7 {[ Diese Fortsetzung ist weniger zu empfehlen ]})) 22... Nfd7 (
22... Qb6 23. Rb3 Qxb3 24. Qxb3 Nxb3 25. Bxa7 $18) 23. Bxg7 Kxg7 24. Qxe7 Qb6
25. Qe3 (25. Nf2 Ne5 26. Qxd6 Ncd3 $17 (26... Nc4 $17)) (25. Rae3 Ne5 26. Qxd6
Nc4 27. Qf4 Nxe3 (27... Nd3 28. Qxc4 Nxe1 29. Qc3+ $18) 28. Qxe3 (28. Qd4+ Kg8
29. Rxe3 Nxa4 $17) 28... Rb8 {[ Schwarz hat nichts ztu befürchten ]}) 25...
Qxb2) (21... Ra6 22. Qe2 (22. b4 axb4 23. Qxb4 Qa5 {[ siehe IIc) ]}) 22... Qb6
(22... Ra7 23. Re3 Qb6 (23... Nh5 24. Bxg7 Nxg7 25. Rxe7 Rxe7 26. Qxe7 Qb6 27.
Nf2 $16) 24. Qb5) 23. Nf2 e6 (23... e5 24. Bxc5 dxc5 25. Qc4 $16) (23... Ra7
24. Qb5 $16) 24. Bb5 $16) 22. Bc3 Qb6 (22... Nb3 23. Qe3 {[ /\ 24.Bf6 24.Qe7 ]}
) 23. Bxa5 Qa7 24. b4 Nfe4 25. Qe3 $18) (21. Nf4 Bh6 22. Be3 $14) 21... e6 22.
dxe6 Nxe6 23. Bc3 $2 (23. Rd3 Nxd4 24. Rxd4 d5 25. Bc6 Ra6 (25... Ra7 26. Bxd5
Rd7 27. Rd1 Nxd5 28. Rxd5 Rxd5 29. Qxd5 Qxd5 30. Rxd5 Bxb2 31. Rxa5 Rc8 32. Nd3
Bd4+ 33. Kf1 Rc2 {[ Schwarz sollte Remis halten können ]}) (25... Rb8 26. Bxd5
Nxd5 27. Rxd5 Qh4 28. Re4 Qf6 $10) 26. Bxd5 $16 {[ /\ 26...Rd6? 27.Bf7 +- ]}) (
23. Be3 d5 24. Nd3 d4 25. Bf2 (25. Bh6 Bxh6 26. Qxh6 Nd5 $15 {[ die Schwäche
des Feldes e3 ist lästig ]}) 25... Nd5 26. Raa1 $10) 23... d5 24. Be5 (24. Rd1
Qb6 25. Bxf6 Bxf6 26. Qxd5 Rfd8 27. Qb3 Rxd1+ 28. Qxd1 Bxb2 $17) 24... Qb6 25.
Rd3 (25. Kh1 d4 26. Nd3 Nd5 (26... Rfd8 27. Bc4 Nd5 28. Bxg7 Kxg7 29. Bxd5 Rxd5
30. Raa1 $15) 27. Bxg7 Kxg7 (27... Nxg7 28. Ne5 $14 Rfd8 (28... Rfc8 29. Rd3
Nf5 30. Bd7 $16) 29. Nc6 $16) 28. Ne5 Rfd8 29. Ng4 {[ Weiß steht nicht
schlechter ]}) 25... Rfd8 26. Rc1 (26. Bxf6 Bxf6 27. Rxd5 Nc7 (27... Nd4 28.
Rxd8+ Rxd8 29. Qe3 {[ Weiß kann sich verteidigen ]}) 28. Rxd8+ Rxd8 29. Bd3 (
29. Qe2 Nxb5 30. axb5 (30. Qxb5 Qxb5 31. axb5 Rd2 $15) 30... Rd5 $15) 29...
Qxb2 30. Qxb2 Bxb2 31. Kf1 {[ Weiß hat gute Rettungsaussichten ]}) (26. Kh1 h5
(26... Rac8 27. Bc3 $10) (26... d4 27. Bc4 $10) 27. Nh3 $15) 26... Ne4 27. fxe4
Bxe5 28. Rc6 (28. exd5 Bf4 $2 (28... Nf4 29. Rf3 (29. Qe3 Nxd3 (29... Qb8 30.
Rdd1 Nxd5 31. Qf3 Nb4 (31... Bxh2+ 32. Kh1 Nb4 (32... Qf4 33. Bc6 $18) (32...
Bf4 33. Rc4 $18) 33. Rxd8+ Qxd8 34. Kxh2 $18) 32. Rxd8+ Qxd8 33. b3 $10) 30.
Qxb6 Nxc1 31. Qe3 Bxb2 32. Nd1 $18) 29... Rxd5 30. Qc2 Rad8 $17) 29. Rc6 Bxd2
$2 (29... Qxc6 30. Bxc6 Bxd2 31. Bxa8 $16) (29... Qb8 30. Qd1 Bxh2+ 31. Kh1 $18
{[ Weiß steht wegen der Drohung d5-d6 auf Gewinn ]}) 30. Rxb6 $18) (28. Rxd5
Nf4 (28... Bf4 29. Rc6 Qxc6 (29... Qb8 30. Qc3 Bxh2+ 31. Kh1 $16 h5 32. Rxe6
Rxd5 (32... fxe6 33. Rxd8+ Qxd8 34. Kxh2 $16) 33. Re8+ $18) (29... Bxd2 $1 30.
Rxb6 Be3 {[ Schwarz hat eine gefährliche Initiative ]} 31. Rc6 (31. Ra6 Rac8
32. Bc6 (32. Rxd8+ Rxd8 33. Kf1 Rd2 34. Nd3 Nd4 35. Rxa5 Rd1+ (35... Nxb5 $2
36. Rxb5 Rxd3 37. Ke2 $18) 36. Ne1 Bd2 37. Ra8+ Kg7 38. Rd8 Rxe1+ 39. Kf2 Rxe4
$19) 32... Nc7 33. Raxa5 Nxd5 34. Rxd5 (34. exd5 $2 Rxc6 $19) 34... Rf8 $19)
31... Nf4 32. Rdd6 Rxd6 33. Rxd6 Rc8 34. Rc6 Rd8 $10) 30. Bxc6 Bxd2 31. Bxa8
$16) 29. Rxd8+ (29. Rd7 Rxd7 30. Bxd7 Qxb2 (30... Rd8 31. Rc8 $10) 31. Qxb2
Bxb2 32. Rc8+ Rxc8 33. Bxc8 Kf8 $15 {[ Weiß hat es nicht leicht ]}) (29. Rc6
Nxd5 30. Rxb6 Nxb6 31. Qe2 Bd4 32. g3 $10 {[ Weiß steht nicht schlechter ]})
29... Rxd8 30. Qc2 Qe3 31. Rd1 Rxd1+ 32. Qxd1 Bxb2 {[ die Stellung des Weißen
ist unerfreulich ]}) 28... Qb8 29. exd5 $2 (29. Rxd5 Bxh2+ (29... Nd4 30. Rcc5
{[ bringt dem Schwarzen keinen Profit ]}) 30. Kh1 Be5 (30... Qf4 31. Qxf4 Bxf4
32. Nd3 {[ ist keineswegs unbefriedigend für Weiß ]}) 31. Nd3 Bg7 32. Qf2 $10)
29... Nf4 (29... Bxh2+ $2 30. Kh1 Nf4 31. Rd4 Nh5 32. d6) 30. Rf3 (30. Ng4 Nxd3
31. Qxd3 Bxb2 32. d6 Qa7+ 33. Kh1 Qd4 $19) (30. Rb3 Rxd5 31. Qe3 (31. Qc2 Qd8
32. Nd3 Ne6 33. Nxe5 Rxe5 (33... Rd1+ 34. Bf1 Qd4+ 35. Qf2 Rxf1+ 36. Kxf1 Qd1+
37. Qe1 Qxb3 {[ Schwarz steht ausgezeichnet ]}) 34. Rd3 Nd4 35. Qf2 (35. Qd1
Nxc6 36. Bxc6 Qb6+ $19) 35... Nxc6 36. Rxd8+ Rxd8 {[ Weiß dürfte die Stellung
kaum halten können ]}) 31... Bd4 32. Qf3 (32. Qe4 Re5 $19) 32... Rf5 $19) 30...
Rxd5 31. Qe3 $2 (31. Qc2 Ne6 32. Rh3 Ng5 33. Rh4 Bd4 34. Kh1 Bxf2 (34... Qe5
35. Nd3) 35. Qxf2 Rd1+ 36. Bf1 Qxb2 $17 37. Kg1 Qa1) 31... Ne6 32. Rh3 (32.
Rxf7 Kxf7 (32... Rd1+ 33. Nxd1 Bd4 34. Re7 Bxe3+ 35. Nxe3 Nd4 36. Rcc7 {
[ mit guten Gewinnaussichten für Weiß ]}) (32... Bxh2+ 33. Kf1 Re5 34. Qh6 Kxf7
35. Qxh7+ Kf8 36. Qh8+ Ke7 37. Qh7+ $10) (32... Rxb5 $1 33. axb5 (33. Qh3 Ng5
$19) 33... Kxf7 34. Qb3 (34. Qh3 Ng5 35. Qd7+ Kg8 36. Qd5+ Nf7 37. Ng4 Bg7 $19)
(34. Qf3+ Ke7 $19) 34... Qe8 35. Nd3 (35. Qf3+ Kg7 (35... Ke7 36. Qd5) 36. Rxe6
Qxe6 37. Qb7+ (37. Qxa8 Bd4 38. Kf1 Qc4+ $19) 37... Qf7 (37... Bc7 38. Qxc7+
Kg8 39. g3 Rf8 40. Qc5 Rb8 $19) 38. Qxa8 Bd4 39. Qf3 Qxf3 40. gxf3 Bxb2 41. Nd3
(41. b6 a4 42. b7 Be5 43. Nd3 Bd6 44. h3 a3 45. Nb4 Kf6 $19) 41... a4 42. Nb4
Kf6 $19) (35. Rxe6 Qxe6 36. Qf3+ Qf5 $19) 35... Bd4+ 36. Kf1 Qd7 (36... g5 37.
Qd5 Rd8 38. Qf5+ Bf6 39. Ne5+) 37. Nf4 Re8 38. Qc4 Be5 $19) 33. Qf3+ Nf4 34.
Bc4 Qd8 35. g3 (35. Rc5 {[ mit Vorteil für Weiß ]})) 32... Rd1+ $4 (32... Bd4
33. Qe1 (33. Qh6 Ng5 $19) 33... Re5 34. Qd2 (34. Qf1 Ng5 35. Rd3 Qa7 $19) (34.
Qd1 Bxf2+ 35. Kxf2 Qa7+ 36. Kf1 Rf5+ $19) 34... Ng5 35. Qxd4 (35. Rb3 Qd8 36.
Rd3 Ne4 $19) 35... Qxb5) 33. Nxd1 Bd4 34. Rxe6 Bxe3+ 35. Rexe3 Qd6 36. Re1 {
[ besser 36.Td3 nebst 37.The3 ]} Rc8 37. Rhe3 $2 (37. Nf2 Qb4 (37... Rc2 38. b3
Qd2 39. Rf1 $18) 38. Rb1 Rc2 39. b3 $18) (37. Rd3 $18) 37... Rc1 38. Be2 $2 (
38. Nf2 Qd2 {[ Weiß verliert seinen b-Bauern ]}) (38. Rd3 $1 Qc5+ 39. Kh1 Qb4
40. Rg1 Rb1 41. h3 $18) 38... Qd4 39. b3 f5 40. g3 Qd2 (40... Kg7 $1) (40... h5
$1) 41. Bc4+ Kg7 42. R3e2 Qd6 (42... Qb4 43. Kf1 $18 {[ nebst Sf2 ]}) 43. Nf2 (
43. Ne3 Rxe1+ 44. Rxe1 f4 {[ der Springer erreicht d5 nicht unter günstigen
Umständen ]}) 43... Rxe1+ 44. Rxe1 h5 (44... g5 45. Re6 Qd4 (45... Qc5 46. Kg2
{[ nebst 47.Sd3 oder 47.h4 ]}) 46. Re7+ $18) 45. Re6 Qd4 (45... Qc7 46. Nd3 (
46. Nh3 Qa7+ 47. Kf1 Qb7) 46... g5 (46... Qa7+ 47. Kg2 Qb7+ 48. Kf2 Qh1 49. h4
Qh2+ 50. Kf3 Qh1+ 51. Kf4 Qh2 52. Ne5 $18) 47. Ne5 Qa7+ 48. Kg2 Qb7+ 49. Nc6
$18) 46. Kg2 $2 (46. h4 f4 47. Kg2 (47. Re4 Qa1+ 48. Kg2 fxg3 49. Kxg3 Qg1+ 50.
Kf3 g5 51. hxg5 $18) (47. Bd3 $2 fxg3 48. Rxg6+ Kh8 49. Rxg3 Qxf2+ $10) 47...
fxg3 48. Kxg3 Qc3+ 49. Nd3 $18) 46... h4 47. Nd3 (47. Nh3 g5 $1) 47... g5 48.
Ne5 $2 (48. Re5 Kf6 49. Rxa5 Qe4+ 50. Kf2 Qh1 $13) (48. Nf2 g4 (48... f4 49. g4
(49. gxh4)) (48... Kf8 49. gxh4 Qxh4 50. Rf6+ $18) (48... Kh7 49. Ra6 $18) (
48... Qc3 49. gxh4 g4 50. Nd3 $18) 49. Nd3) 48... Qd2+ 49. Kh3 hxg3 (49... g4+
50. Kxh4 Qxh2+ 51. Kg5 Qd2+ (51... Qxg3 52. Re7+ $18) 52. Kxf5 $18) 50. hxg3 (
50. Kxg3 Qe1+ 51. Kh3 Qe3+ 52. Kg2 Qd2+ $10) 50... Qd1 51. Rg6+ (51. Re7+ Kf6
$10) (51. Kg2 $1 Qd2+ 52. Kf3 Qd1+ (52... g4+ 53. Nxg4 $16 Qd1+ 54. Re2) 53.
Ke3 (53. Kf2 Qd2+ 54. Be2 Qd5 $10) 53... Qg1+ 54. Kd3 Qxg3+ (54... Qd1+ 55. Kc3
Qa1+ 56. Kc2 Qa2+ 57. Kd3 $18) 55. Kd4 g4 56. Rg6+ Kf8 (56... Kh8 57. Bg8 $18)
57. Nc6 Ke8 58. Kc5 $18) 51... Kh8 (51... Kh7 $2 52. Bg8+ Kh8 53. Nf7#) (51...
Kf8 52. Rf6+ $18) 52. Rh6+ (52. Kg2 $2 Qc2+ 53. Kf3 (53. Kg1 Qc1+ {wenn K~
dann Qb2 ]}) 53... Qe4+) (52. Nf7+ Kh7 53. Rh6+ Kg7 54. Kg2 Qd2+ $10) 1/2-1/2

[Event "Tel Aviv ASA"]
[Site "Tel Aviv"]
[Date "1996.??.??"]
[Round "7"]
[White "Uritzky, Maxim"]
[Black "Kantsler, Boris"]
[Result "0-1"]
[WhiteElo "2420"]
[BlackElo "2455"]
[Annotator "Kantsler,B"]
[PlyCount "80"]
[EventDate "1996.08.??"]
[EventType "tourn"]
[EventRounds "9"]
[EventCountry "ISR"]
[EventCategory "8"]
[SourceTitle "CBM 055 Extra"]
[Source "ChessBase"]
[SourceDate "1997.01.01"]
[SourceVersion "1"]
[SourceVersionDate "1997.01.01"]
[SourceQuality "1"]

1. e4 g6 2. d4 Bg7 3. Nc3 c6 4. Bc4 d6 5. Qf3 e6 6. Nge2 Nd7 (6... b5 7. Bb3
Nd7 (7... Bb7 8. d5 $1 (8. h4 h6 9. Bf4 Qe7 10. h5 g5 11. Bh2 a6 12. a4 b4 13.
Nd1 Nd7 $13 {Prasad,D-Parameswaran,T/Calcutta/1994/}) 8... cxd5 9. exd5 a6 10.
a4 b4 11. Ne4 e5 $6 12. a5 h6 13. Ba4+ Ke7 14. Bb3 f5 15. Nc5 $1 $16 {
Ardeleanu,A-Bogdan,D/ROM/1995/1:0/66/}) (7... a5 8. a3 Ba6 9. d5 cxd5 10. exd5
e5 11. Ne4 Qc7 (11... h6 12. g4 Nf6 13. N2g3 Nxe4 14. Nxe4 O-O 15. Qh3 $36 Nd7
16. Bxh6 Nc5 17. Ng5) 12. c4 $1 bxc4 13. Ba4+ Nd7 14. N2c3 Ke7 $2 15. Nxd6 Qxd6
16. Ne4 Qxd5 17. Bg5+ Ndf6 18. Rd1 Qb7 19. Rd7+ $18 {Polgar,J-Shirov,A/
Amsterdam/1995/1:0/21/}) 8. e5 d5 9. h4 a5 10. a3 Ba6 11. h5 b4 12. Na4 Nh6 $13
{Nunn,J-Bologan,V/GER/1994/}) (6... Nf6 7. Bg5 Nbd7 8. O-O-O e5 9. Bb3 Qa5 10.
dxe5 Nxe5 11. Qf4 Nfg4 12. h3 f6 13. hxg4 fxg5 14. Qd2 Bxg4 15. Kb1 $6 {
/\15.f3 /} Bxe2 16. Qxe2 O-O-O $17 {Tseitlin,Ma-Kanstler,B/ISR/1996/0,5/103/})
7. Bb3 Ngf6 8. g4 $5 O-O 9. g5 Nh5 10. Ng3 $5 (10. Be3 $6 e5 $1 $17) 10... Nxg3
11. hxg3 Bxd4 12. g4 Re8 13. Bf4 $5 (13. Qh3 Nf8 $8 14. Bd2 $44) 13... Be5 $5 (
13... Qe7 $5 14. O-O-O Be5 $13) 14. O-O-O (14. Bxe5 $5 Nxe5 $6 (14... dxe5 $5
15. Rxh7 $1 Rf8 $1 $8 (15... Kxh7 $2 16. Qxf7+ Kh8 17. Ke2 $18) 16. Qh3 (16.
Rh1 Qxg5 17. Qh3 Kg7 18. Qh7+ Kf6 $15) 16... Qxg5 17. Rh8+ Kg7 18. Qh7+ Kf6 $15
) 15. Qh3 $6 (15. Qg3 Qxg5 16. Rg1 $14) (15. Qf4 $1 Rf8 (15... Qxg5 $2 16. Qxg5
Nf3+ 17. Ke2 Nxg5 18. f4 $18) 16. O-O-O $16) (15. Qe3 $5 Nxg4 16. Qg3 Ne5 17.
f4 Nd7 18. O-O-O) 15... Qxg5 16. Qxh7+ Kf8 $17) 14... Qe7 15. Kb1 $6 (15. Bxe5
$5 dxe5 16. Qe3 $44) 15... Bxf4 16. Qxf4 e5 $1 17. Qd2 (17. Qh2 Nf8 $15) 17...
Nf8 18. f3 Be6 $1 19. Bxe6 Nxe6 $1 (19... fxe6 $6 20. Qxd6 Qxg5 21. Qc7 $44)
20. Rxh7 $1 (20. Qxd6 Qxg5 $17) 20... Nxg5 $1 $8 (20... Kxh7 $4 21. Qh2+ Kg8
22. Rh1 $18) 21. Rhh1 Kg7 22. Ne2 Rad8 23. Qe3 d5 24. exd5 cxd5 25. Nc1 d4 26.
Qd2 Qf6 27. Nd3 Nxf3 $5 (27... Rh8 28. Rhf1 {/\f4~/=/}) 28. Qh6+ Kg8 29. Nf2 $2
(29. Rdf1 $32 e4 30. Ne1 $17) 29... e4 30. g5 Qg7 (30... Nxg5 $4 31. Ng4 $18)
31. Ng4 Qxh6 32. Nf6+ Kf8 33. gxh6 e3 $1 (33... Re6 34. Nd7+ Kg8 35. Nc5 Re7
$19) 34. Nxe8 Rxe8 35. Kc1 e2 36. Rde1 Kg8 37. h7+ Kh8 38. a4 f5 39. a5 f4 40.
a6 bxa6 0-1

[Event "Tel Aviv ASA"]
[Site "Tel Aviv"]
[Date "1996.??.??"]
[Round "1"]
[White "Kogan, Artur"]
[Black "Kantsler, Boris"]
[Result "1/2-1/2"]
[WhiteElo "2475"]
[BlackElo "2455"]
[Annotator "Kantsler,B"]
[PlyCount "80"]
[EventDate "1996.08.??"]
[EventType "tourn"]
[EventRounds "9"]
[EventCountry "ISR"]
[EventCategory "8"]
[SourceTitle "CBM 055 Extra"]
[Source "ChessBase"]
[SourceDate "1997.01.01"]
[SourceVersion "1"]
[SourceVersionDate "1997.01.01"]
[SourceQuality "1"]

1. e4 g6 2. d4 Bg7 3. Nc3 c6 4. Nf3 d6 5. Bg5 Qb6 6. Qd2 $5 (6. Rb1 Bg4 7. Be3
Bxf3 8. gxf3 Qc7 9. h4 e6 10. h5 d5 11. Qd2 Nd7 $10 {Polgar,J-Shirov,A/Linares/
1994/0:1/48/}) 6... Qxb2 7. Rb1 Qa3 8. Bc4 Nd7 (8... Qa5 9. O-O e6 $6 10. Rfe1
a6 $6 11. Bf4 e5 $2 12. dxe5 dxe5 13. Qd6 $1 Qxc3 14. Red1 Nd7 15. Bxf7+ Kxf7
16. Ng5+ Ke8 17. Qe6+ {Tal,M-Tringov,G/Amsterdam/1964/1:0/17/}) 9. O-O Nb6 $5 (
9... Ngf6 $2 10. e5 $1 dxe5 11. dxe5 Ng4 12. Rb3 Qc5 13. Bxf7+ $1 Kxf7 14. Qf4+
Kg8 15. Ne4 Qxc2 16. Bxe7 Ndxe5 17. Nxe5 Nxe5 18. Bf6 $2 (18. Nf6+ $1 $16)
18... Qxe4 $13 {Kellner,B-Gaprindashvili,N/YUG/1972/0:1/40/}) 10. Bb3 Nf6 $5
11. e5 dxe5 12. dxe5 Nfd5 $5 13. Ne4 (13. Bxd5 Nxd5 14. Nxd5 cxd5 15. Qxd5 O-O
16. Nd4 e6 $13) 13... O-O $6 (13... Bf5 $5) 14. c4 Bf5 $5 (14... Nc7 $2 15. Ne1
$1 {/\16.Nc2 Qa6 17.Nc5+-/}) 15. Rfe1 $2 (15. Ng3 $1 Bxb1 16. cxd5 Bxa2 (16...
Bf5 $6 17. Nxf5 gxf5 18. Bh6 Kh8 19. Nh4 $16) 17. Bxa2 cxd5 $14) 15... Nc7 16.
Nh4 Bxe4 17. Rxe4 Ne6 $17 18. Nf3 Rad8 (18... Rfd8 $5 19. Qe3 Qc5 $17) 19. Qe3
Rd7 $6 20. c5 $1 Nd5 $8 (20... Nxc5 21. Bxf7+ $18) (20... Qxc5 $6 21. Bxe6 Qxe3
22. Bxf7+ Rxf7 23. Bxe3 $13) 21. Bxd5 Qxe3 22. Bxe3 Rxd5 $6 (22... cxd5 23.
Reb4 Nd8 $17) 23. g4 Rd7 (23... Nxc5 24. Bxc5 Rxc5 25. Rxb7 $132) 24. Reb4 Nd8
$6 (24... Rb8 $5 25. Ra4 Ra8 26. Rab4 Nd8 $15) 25. Kg2 f6 26. e6 $1 Nxe6 27.
Rxb7 Rfd8 28. Rxd7 Rxd7 29. Rb8+ Kf7 (29... Nd8 $6 30. Nd4 Kf7 31. Rc8 $14) 30.
Rc8 Rd3 $5 (30... Rc7 31. Rxc7 Nxc7 32. Nd4 $10) 31. Rxc6 Ra3 32. Rc8 Rxa2 33.
c6 a5 $6 (33... f5 $1 $15) 34. Nd4 Nxd4 35. Bxd4 f5 $8 36. Bb6 Be5 37. gxf5
gxf5 38. c7 Rc2 39. Bxa5 (39. Ra8 $6 Bxc7 40. Rc8 Rc6 $1 41. Bxc7 a4 42. Ra8
Rxc7 43. Rxa4 $17) 39... Ke6 40. h4 Rc5 1/2-1/2

[Event "Beersheba"]
[Site "Beersheba"]
[Date "1996.??.??"]
[Round "1"]
[White "Tseitlin, Mark D"]
[Black "Kantsler, Boris"]
[Result "0-1"]
[WhiteElo "2545"]
[BlackElo "2475"]
[Annotator "Kantsler,B"]
[PlyCount "70"]
[EventDate "1996.03.??"]
[EventType "tourn"]
[EventRounds "11"]
[EventCountry "ISR"]
[EventCategory "10"]
[SourceTitle "CBM 053"]
[Source "ChessBase"]
[SourceDate "1996.08.01"]
[SourceVersion "1"]
[SourceVersionDate "1996.08.01"]
[SourceQuality "1"]

1. e4 g6 2. d4 Bg7 3. Nc3 d6 4. Bg5 a6 5. Bc4 (5. Qd2 b5 6. O-O-O Bb7 7. f3 Nd7
8. h4 $6 c5 9. Nge2 Qa5 10. Kb1 b4 11. Nd5 Bxd5 12. exd5 Nb6 $17 {Spangenberg,
H-Azmaiparashvili,Z/Moscow(ol)/1994/0:1/31/}) 5... b5 6. Bb3 (6. Bd5 c6 7. Bb3
Nf6 8. Qe2 O-O 9. e5 $14 {Kotronias,V-Pein,M/Gausdal/1994/1:0/33/}) 6... Bb7 7.
Nf3 Nd7 (7... Nf6 8. e5 dxe5 9. dxe5 Qxd1+ 10. Rxd1 Ng4 11. e6 $14) 8. O-O Ngf6
$6 (8... c5 9. Bd5 $14) (8... h6 $5 9. Bh4 b4 10. Nd5 g5 11. Bg3 e6 12. Nxb4 a5
$1 13. Nd3 a4 14. Bc4 Bxe4 $13) 9. e5 $1 dxe5 $2 (9... Bxf3 10. Qxf3 (10. exf6
Bxd1 11. fxg7 Rg8 12. Raxd1 Rxg7 13. Rfe1 $44) 10... dxe5 11. dxe5 Nxe5 12. Qe2
$14) 10. dxe5 Bxf3 (10... Ne4 11. Nxe4 Bxe4 12. Bxf7+ $1 Kxf7 13. e6+ Kxe6 14.
Qe1 Nc5 (14... Kf5 $4 15. g4+ $18) 15. Be3 $16) 11. exf6 $1 Bxd1 12. fxg7 Rg8
13. Raxd1 c6 $8 (13... Rxg7 14. Bd5 {/\Bc6+-/}) 14. Rd3 $1 (14. Bh6 $2 Qc7 15.
Ne4 Ne5 16. Ng5 e6 17. h3 Qe7 18. Rfe1 Nc4 $13) 14... Rxg7 15. Re1 $6 (15. Bh6
$1 Rg8 16. Rfd1 Ra7 17. Rf3 e6 18. Ne4 Qh4 19. Nd6+ Ke7 (19... Kd8 $2 20. Bg5+
Qxg5 21. Nxf7+ $18) 20. Rxf7+ Kd8 21. Rxh7 $18) 15... h6 $1 $8 16. Bxh6 Rh7 17.
Bg5 f6 18. Bf4 e5 $1 19. Ne4 Qe7 20. Be3 f5 21. Ng5 $6 (21. Bg5 $5 Qg7 (21...
fxe4 22. Bxe7 exd3 23. Bg5 $44) 22. Nd6+ Kf8 23. Nf7 $1 Nc5 24. Rd6 Nxb3 25.
Nxe5 $1 $44) 21... f4 22. Bxf4 (22. Nxh7 fxe3 $19) 22... exf4 23. Rxe7+ Rxe7
$17 24. g3 Ne5 25. Rc3 fxg3 26. hxg3 Rd8 27. Kg2 Rd2 28. Be6 Rd6 29. Bb3 Ng4
30. Rf3 Rf6 31. a4 Rxf3 32. Kxf3 Ne5+ 33. Kf4 Nc4 34. Bxc4 bxc4 35. Ne4 Kf8
$138 0-1